[Event "Bodensee op"]
[Site "Bregenz"]
[Date "2022.05.28"]
[Round "8"]
[White "Quante, Lennart"]
[Black "Fahrner, Kurt"]
[Result "0-1"]
[WhiteElo "2075"]
[BlackElo "2314"]
[PlyCount "30"]
[EventDate "2022.05.21"]
[EventType "swiss"]
[EventRounds "9"]
[EventCountry "AUT"]
[SourceTitle "CBM 208 Extra"]
[Source "ChessBase"]
[SourceDate "2022.07.31"]
[SourceVersion "1"]
[SourceVersionDate "2022.07.31"]
[SourceQuality "1"]

1. d4 g6 2. Nf3 Bg7 3. g3 d6 4. Bg2 f5 5. 0-0 Nf6 6. b3 0-0 7. Bb2 Qe8 8. Qc1 h6 9. Nbd2 g5 10. Re1 Nc6 11. Nc4 Qf7 12. d5 Nb4 13. Rd1 Nbxd5 14. a4 e5 15. Rf1 Qh5 0-1

[Event "Bodensee op"]
[Site "Bregenz"]
[Date "2022.05.21"]
[Round "1"]
[White "Kienboeck, Benjamin"]
[Black "Fahrner, Kurt"]
[Result "0-1"]
[WhiteElo "2039"]
[BlackElo "2314"]
[PlyCount "84"]
[EventDate "2022.05.21"]
[EventType "swiss"]
[EventRounds "9"]
[EventCountry "AUT"]
[SourceTitle "CBM 208 Extra"]
[Source "ChessBase"]
[SourceDate "2022.07.31"]
[SourceVersion "1"]
[SourceVersionDate "2022.07.31"]
[SourceQuality "1"]

1. e4 g6 2. d4 Bg7 3. Nc3 a6 4. Be3 b5 5. Qd2 Bb7 6. Bd3 d6 7. a4 b4 8. Nce2 c5 9. dxc5 Nc6 10. Nf3 dxc5 11. 0-0 Qa5 12. Rad1 Rd8 13. Qc1 Nd4 14. c3 Nxf3+ 15. gxf3 Nf6 16. cxb4 cxb4 17. Qc5 Qxc5 18. Bxc5 Nd7 19. Bxb4 Ne5 20. Bc3 Nxf3+ 21. Kg2 Ne5 22. Bc2 0-0 23. Bxe5 Bxe5 24. b4 Rc8 25. Bd3 Rfd8 26. f3 Rd6 27. h4 Rcd8 28. Bc2 Rd2 29. Kg1 R8d6 30. Rxd2 Rxd2 31. Bd1 Rb2 32. b5 axb5 33. axb5 Rxb5 34. Kf2 Rb2 35. Ke3 Kg7 36. Rh1 h5 37. Nf4 Bb8 38. Nd3 Ba7+ 39. Kf4 Rd2 40. Nb4 Bc5 41. Nc2 e5+ 42. Kg3 Bf2+ 0-1

[Event "Steyr Landesliga 1920"]
[Site "Austria"]
[Date "2019.12.07"]
[Round "6.1"]
[White "Webersberger, Johann"]
[Black "Fahrner, Kurt"]
[Result "1/2-1/2"]
[WhiteElo "2373"]
[BlackElo "2356"]
[PlyCount "84"]
[EventDate "2019.09.28"]
[EventType "team-tourn"]
[EventRounds "11"]
[EventCountry "AUT"]
[SourceTitle "CBM 194 Extra"]
[Source "ChessBase"]
[SourceDate "2020.03.31"]
[SourceVersion "1"]
[SourceVersionDate "2020.03.31"]
[SourceQuality "1"]
[WhiteTeam "Leoben"]
[BlackTeam "Graz Austria"]
[WhiteTeamCountry "AUT"]
[BlackTeamCountry "AUT"]

1. d4 d5 2. c4 c6 3. Nf3 e6 4. e3 Nd7 5. b3 f5 6. Bd3 Nh6 7. 0-0 Qf6 8. Qc2 Bd6 9. Ba3 Bxa3 10. Nxa3 0-0 11. Rac1 Kh8 12. Rfe1 g5 13. Nb1 g4 14. Nfd2 Nf7 15. Nc3 Ng5 16. Ne2 Ne4 17. Nf4 Rg8 18. b4 Nf8 19. b5 Bd7 20. bxc6 Bxc6 21. cxd5 exd5 22. Nxe4 fxe4 23. Bf1 Ng6 24. Qd2 Nxf4 25. exf4 Rg6 26. Rc3 Rf8 27. g3 Qf5 28. Ra3 a6 29. Rb3 Rh6 30. Be2 Bb5 31. Bxb5 axb5 32. Qb4 Kg8 33. Qxb5 Qh5 34. h4 gxh3 35. Kh2 b6 36. Qd7 Qf7 37. Qxf7+ Rxf7 38. Rc1 Ra7 39. a3 Ra4 40. Rc8+ Kf7 41. Rc7+ Kg8 42. Rc8+ Kf7 1/2-1/2

[Event "Steyr Landesliga 1920"]
[Site "Austria"]
[Date "2019.10.19"]
[Round "3.1"]
[White "Fahrner, Kurt"]
[Black "Krumpacnik, Domen"]
[Result "1-0"]
[WhiteElo "2356"]
[BlackElo "2320"]
[PlyCount "35"]
[EventDate "2019.09.28"]
[EventType "team-tourn"]
[EventRounds "11"]
[EventCountry "AUT"]
[SourceTitle "CBM 193 Extra"]
[Source "ChessBase"]
[SourceDate "2020.01.31"]
[SourceVersion "1"]
[SourceVersionDate "2020.01.31"]
[SourceQuality "1"]
[WhiteTeam "Graz Austria"]
[BlackTeam "Graz Styria"]
[WhiteTeamCountry "AUT"]
[BlackTeamCountry "AUT"]

1. e4 c5 2. f4 d5 3. d3 e5 4. fxe5 dxe4 5. Nc3 Nc6 6. Bf4 Nge7 7. dxe4 Ng6 8. Qxd8+ Kxd8 9. 0-0-0+ Bd7 10. Bg3 Ngxe5 11. Nf3 Nxf3 12. gxf3 Ke8 13. Nb5 Rc8 14. Rxd7 Kxd7 15. Bh3+ Kd8 16. Rd1+ Nd4 17. Nxd4 Ra8 18. Nc6+ 1-0

[Event "Steyr Landesliga 1819"]
[Site "Austria"]
[Date "2019.04.06"]
[Round "11.1"]
[White "Schnider, Gert"]
[Black "Fahrner, Kurt"]
[Result "0-1"]
[WhiteElo "2430"]
[BlackElo "2303"]
[PlyCount "78"]
[EventDate "2018.10.06"]
[EventType "team-tourn"]
[EventRounds "11"]
[EventCountry "AUT"]
[SourceTitle "EXT 2021"]
[Source "ChessBase"]
[SourceDate "2020.10.23"]
[SourceVersion "1"]
[SourceVersionDate "2020.10.23"]
[SourceQuality "1"]
[WhiteTeam "Graz Schachgesellschaft"]
[BlackTeam "Graz Austria"]
[WhiteTeamCountry "AUT"]
[BlackTeamCountry "AUT"]

1. e4 e6 2. d4 d5 3. Nc3 dxe4 4. Nxe4 Bd7 5. c4 Nf6 6. Nc3 Bb4 7. Nf3 c5 8. Be2 Ne4 9. Qd3 cxd4 10. Nxd4 Nxc3 11. bxc3 Be7 12. 0-0 0-0 13. Qg3 Na6 14. Rd1 Nc5 15. Bf3 Rc8 16. Nb5 Qa5 17. Bh6 Bf6 18. Nd6 Ba4 19. Rdc1 Rc7 20. Rab1 Bc6 21. Nb5 Rd7 22. Be3 Ne4 23. Qg4 Nd2 24. Bxd2 Rxd2 25. Nd4 Bxd4 26. cxd4 Qxa2 27. Ra1 Qb2 28. d5 exd5 29. Rcb1 Qc3 30. cxd5 Bxd5 31. Rxa7 Qc5 32. Raa1 Rxf2 33. Kh1 Bxf3 34. gxf3 Qc2 35. Qg3 Rd8 36. Rxb7 Rd1+ 37. Rxd1 Qxd1+ 38. Qg1 Qxf3+ 39. Qg2 Rf1# 0-1

[Event "Steyr Landesliga 1718"]
[Site "Austria"]
[Date "2018.03.10"]
[Round "9.2"]
[White "Mohr, Georg"]
[Black "Fahrner, Kurt"]
[Result "1/2-1/2"]
[WhiteElo "2468"]
[BlackElo "2290"]
[PlyCount "97"]
[EventDate "2017.09.30"]
[EventType "team-tourn"]
[EventRounds "11"]
[EventCountry "AUT"]
[SourceTitle "EXT 2019"]
[Source "ChessBase"]
[SourceDate "2018.10.10"]
[SourceVersion "1"]
[SourceVersionDate "2018.10.10"]
[SourceQuality "1"]
[WhiteTeam "Frauental Strassenbahn"]
[BlackTeam "Graz Austria"]
[WhiteTeamCountry "AUT"]
[BlackTeamCountry "AUT"]

1. g3 d5 2. Bg2 c6 3. d3 Bf5 4. Nf3 h6 5. 0-0 e6 6. b3 Be7 7. Bb2 Nf6 8. c4 0-0 9. Nc3 a5 10. cxd5 Nxd5 11. Nd2 Nxc3 12. Bxc3 Bf6 13. Qc2 Na6 14. a3 Nc7 15. Bxf6 Qxf6 16. Nc4 Qd4 17. Rab1 Nb5 18. Rfc1 Rfd8 19. Qd2 a4 20. Qb4 axb3 21. a4 Nd6 22. Qxb3 Ra7 23. Nxd6 Qxd6 24. Rc4 e5 25. Rb4 Bc8 26. h4 Ra5 27. Qc3 Qc5 28. Rc4 Qa7 29. Qb4 c5 30. Qb6 Qxb6 31. Rxb6 Rd4 32. Rxd4 cxd4 33. Rd6 Bg4 34. Bxb7 Bxe2 35. Rd8+ Kh7 36. Be4+ g6 37. h5 f5 38. Rd7+ Kh8 39. Bc6 gxh5 40. Bb5 Bd1 41. f4 Bxa4 42. Bxa4 Rxa4 43. fxe5 Ra5 44. e6 Re5 45. e7 Kg8 46. Kf2 Kf7 47. Rxd4 Rxe7 48. Rd6 Re6 49. Rxe6 1/2-1/2

[Event "Steyr Landesliga 1718"]
[Site "Austria"]
[Date "2017.12.02"]
[Round "6.1"]
[White "Krumpacnik, Domen"]
[Black "Fahrner, Kurt"]
[Result "1-0"]
[WhiteElo "2314"]
[BlackElo "2290"]
[PlyCount "93"]
[EventDate "2017.09.30"]
[EventType "team-tourn"]
[EventRounds "11"]
[EventCountry "AUT"]
[SourceTitle "EXT 2019"]
[Source "ChessBase"]
[SourceDate "2018.10.10"]
[SourceVersion "1"]
[SourceVersionDate "2018.10.10"]
[SourceQuality "1"]
[WhiteTeam "Graz Styria"]
[BlackTeam "Graz Austria"]
[WhiteTeamCountry "AUT"]
[BlackTeamCountry "AUT"]

1. d4 g6 2. Nf3 Bg7 3. e4 d6 4. Bc4 e6 5. 0-0 Ne7 6. Bb3 h6 7. Be3 Nd7 8. h3 b6 9. Nbd2 Bb7 10. c3 0-0 11. Qc2 Nc6 12. Bc4 Na5 13. Bd3 c5 14. b4 Nc6 15. Qa4 cxb4 16. cxb4 a5 17. b5 Nb4 18. Be2 f5 19. a3 fxe4 20. axb4 exf3 21. Bxf3 Bxf3 22. Nxf3 Nf6 23. bxa5 Rxa5 24. Qb3 Nd5 25. Rxa5 bxa5 26. Ra1 Qb6 27. Qd3 g5 28. Qg6 Nc7 29. Rc1 Rf6 30. Qc2 Rf7 31. Rb1 Qb7 32. b6 Nd5 33. Bd2 Nf4 34. Bxf4 gxf4 35. Qa2 e5 36. dxe5 dxe5 37. Qxa5 e4 38. Ne5 Rf5 39. Qa7 Qd5 40. Ng4 Qd3 41. Qa2+ Kh7 42. b7 Rb5 43. Rxb5 Qxb5 44. Qf7 Qb1+ 45. Kh2 Qb2 46. Qf5+ Kg8 47. Qc8+ 1-0

[Event "AUT-chT2M 1617"]
[Site "Austria"]
[Date "2017.01.28"]
[Round "7.1"]
[White "Branding, Volker"]
[Black "Fahrner, Kurt"]
[Result "0-1"]
[WhiteElo "2177"]
[BlackElo "2268"]
[PlyCount "152"]
[EventDate "2016.10.07"]
[EventType "team-tourn"]
[EventRounds "11"]
[EventCountry "AUT"]
[SourceTitle "CBM 177 Extra"]
[Source "ChessBase"]
[SourceDate "2017.04.27"]
[SourceVersion "1"]
[SourceVersionDate "2017.04.27"]
[SourceQuality "1"]
[WhiteTeam "Gmunden"]
[BlackTeam "Graz Austria"]
[WhiteTeamCountry "AUT"]
[BlackTeamCountry "AUT"]

1. e4 e6 2. d4 d5 3. Nc3 dxe4 4. Nxe4 Bd7 5. Nf3 Bc6 6. Bd3 Nd7 7. 0-0 Ngf6 8. Ng3 g6 9. Bg5 h6 10. Bd2 Bg7 11. Qe2 0-0 12. Rad1 a6 13. c4 b5 14. Ne5 Nxe5 15. dxe5 bxc4 16. Bxc4 Nd5 17. Rfe1 a5 18. Qg4 Qe7 19. Bd3 Rfb8 20. Bc1 Rb4 21. Qe2 Qh4 22. Qc2 Bb5 23. Bxb5 Rxb5 24. Re4 Qe7 25. a3 Nb6 26. Be3 Rb8 27. f4 Nd5 28. Bc1 Qc5+ 29. Qxc5 Rxc5 30. Ne2 Bf8 31. Rdd4 Rb3 32. Kf1 Kg7 33. Ke1 Rxc1+ 34. Nxc1 Rxb2 35. Re2 Rb1 36. Kd2 Bxa3 37. Nd3 c5 38. Rc4 Bb4+ 39. Kc2 Ra1 40. Kb2 Rf1 41. g3 Nb6 42. Rc1 Rf3 43. Kc2 c4 44. Nb2 a4 45. Kb1 c3 46. Nd1 Nd5 47. Ra2 a3 48. Kc2 Bf8 49. Kb1 Nb4 50. Rf2 Rxf2 51. Nxf2 c2+ 52. Rxc2 Nxc2 53. Kxc2 g5 54. fxg5 hxg5 55. h4 gxh4 56. gxh4 Kg6 57. Ne4 Bg7 58. Kb3 Bxe5 59. Kxa3 Kf5 60. Ng5 f6 61. Nf7 Kg4 62. Nd8 Bd6+ 63. Kb3 e5 64. Kc4 e4 65. h5 Kxh5 66. Kd4 f5 67. Nb7 Bb4 68. Nd8 Kg4 69. Ne6 Be7 70. Ke3 Bg5+ 71. Kd4 e3 72. Nxg5 Kxg5 73. Kxe3 Kg4 74. Ke2 Kg3 75. Kf1 Kf3 76. Kg1 Ke2 0-1

[Event "AUT-chT2M 1617"]
[Site "Austria"]
[Date "2016.10.07"]
[Round "1.4"]
[White "Fahrner, Kurt"]
[Black "Horvath, Adam"]
[Result "0-1"]
[WhiteElo "2268"]
[BlackElo "2498"]
[PlyCount "90"]
[EventDate "2016.10.07"]
[EventType "team-tourn"]
[EventRounds "11"]
[EventCountry "AUT"]
[SourceTitle "EXT 2017"]
[Source "ChessBase"]
[SourceDate "2016.10.25"]
[SourceVersion "1"]
[SourceVersionDate "2016.10.25"]
[SourceQuality "1"]
[WhiteTeam "Graz Austria"]
[BlackTeam "Gleisdorf"]
[WhiteTeamCountry "AUT"]
[BlackTeamCountry "AUT"]

1. d4 Nf6 2. Bg5 e6 3. e4 h6 4. Bxf6 Qxf6 5. c3 d6 6. Bd3 e5 7. Ne2 g6 8. 0-0 Bg7 9. f4 Qe7 10. f5 0-0 11. fxg6 fxg6 12. Qb3+ Kh7 13. Rxf8 Qxf8 14. Nd2 Nd7 15. Rf1 Nf6 16. Kh1 Qe7 17. Ng1 b6 18. Ngf3 Bb7 19. Qa3 c5 20. Re1 Ng4 21. Bb1 exd4 22. cxd4 cxd4 23. h3 Ne5 24. Nxd4 Rf8 25. N4f3 a6 26. Rd1 b5 27. Qb4 Nc6 28. Qb3 Ne5 29. Qb4 Bc8 30. a4 Bxh3 31. axb5 axb5 32. Qxb5 Be6 33. Rf1 Rf4 34. Qe2 Rh4+ 35. Kg1 Ng4 36. e5 Qa7+ 37. Rf2 Rh5 38. Ne4 Nxf2 39. Nxf2 Bxe5 40. Bxg6+ Kxg6 41. Qd3+ Kg7 42. Nxe5 Rxe5 43. Qxd6 Re1+ 44. Kh2 Qxf2 45. Qe7+ Qf7 0-1

[Event "Steyr Landesliga 1516"]
[Site "Austria"]
[Date "2016.02.06"]
[Round "7.1"]
[White "Poetz, Florian"]
[Black "Fahrner, Kurt"]
[Result "1-0"]
[WhiteElo "2383"]
[BlackElo "2324"]
[PlyCount "61"]
[EventDate "2015.09.26"]
[EventType "team-tourn"]
[EventRounds "11"]
[EventCountry "AUT"]
[SourceTitle "EXT 2017"]
[Source "ChessBase"]
[SourceDate "2016.10.25"]
[SourceVersion "1"]
[SourceVersionDate "2016.10.25"]
[SourceQuality "1"]
[WhiteTeam "Graz Styria"]
[BlackTeam "Graz Austria"]
[WhiteTeamCountry "AUT"]
[BlackTeamCountry "AUT"]

1. e4 Nf6 2. e5 Nd5 3. d4 Nb6 4. c4 d5 5. exd6 cxd6 6. d5 e5 7. Nc3 Be7 8. Bd3 0-0 9. Nge2 Na6 10. b3 Nc5 11. Bc2 Bg4 12. 0-0 f5 13. Be3 Qc7 14. f3 Bh5 15. Rc1 Rae8 16. Qd2 Qd8 17. f4 Bxe2 18. Nxe2 exf4 19. Nxf4 Bg5 20. Rce1 Nc8 21. Ne6 Nxe6 22. dxe6 Qb6 23. Bxf5 g6 24. Be4 Rxf1+ 25. Kxf1 Bxe3 26. Qxe3 Qxe3 27. Rxe3 Re7 28. Ke2 Kg7 29. Bd5 a5 30. Kd3 Na7 31. Bxb7 1-0

[Event "Steyr Landesliga 1516"]
[Site "Austria"]
[Date "2016.01.23"]
[Round "6.1"]
[White "Fahrner, Kurt"]
[Black "Benda, Herbert"]
[Result "1/2-1/2"]
[WhiteElo "2324"]
[BlackElo "2271"]
[PlyCount "133"]
[EventDate "2015.09.26"]
[EventType "team-tourn"]
[EventRounds "11"]
[EventCountry "AUT"]
[SourceTitle "CBM 170 Extra"]
[Source "ChessBase"]
[SourceDate "2016.02.25"]
[SourceVersion "1"]
[SourceVersionDate "2016.02.25"]
[SourceQuality "1"]
[WhiteTeam "Graz Austria"]
[BlackTeam "Spg ISR"]
[WhiteTeamCountry "AUT"]
[BlackTeamCountry "AUT"]

1. d4 d5 2. Bf4 c6 3. c3 Bf5 4. e3 e6 5. Nd2 Nf6 6. Be2 Nbd7 7. g4 Bg6 8. h4 h6 9. Qb3 b5 10. a4 a6 11. Nh3 Nb6 12. axb5 axb5 13. Rxa8 Qxa8 14. 0-0 Be7 15. Qd1 Nc4 16. h5 Bh7 17. Nxc4 bxc4 18. f3 Qb7 19. Qd2 0-0 20. Nf2 Ra8 21. e4 Ra2 22. e5 Nd7 23. Nd1 c5 24. g5 cxd4 25. cxd4 hxg5 26. Bxg5 c3 27. Nxc3 Rxb2 28. Qe3 Bxg5 29. Qxg5 Qb4 30. Qe3 Bf5 31. Rc1 Rb3 32. Kf2 Nb6 33. h6 Bg6 34. hxg7 Rxc3 35. Qxc3 Qxc3 36. Rxc3 Kxg7 37. Ke3 Nd7 38. Bb5 Nf8 39. Rc7 Bh5 40. Be8 Nh7 41. Kf4 Bg6 42. Ba4 Nf8 43. Bc2 Bxc2 44. Rxc2 Ng6+ 45. Kg5 Ne7 46. Rg2 Nf5 47. Kh5+ Kf8 48. Rg4 Ne3 49. Rf4 Kg7 50. Kg5 Ng2 51. Rg4 Ne3 52. Rg1 Nf5 53. Kh5+ Kf8 54. Rg4 Ne3 55. Kh6 Nf5+ 56. Kh7 Ne3 57. Rg8+ Ke7 58. Ra8 Nf5 59. Ra4 Kf8 60. Kh8 Ke7 61. Kh7 Kf8 62. f4 Ke7 63. Rb4 Kf8 64. Rb7 Nxd4 65. Rb8+ Ke7 66. Rb7+ Kf8 67. Rb8+ 1/2-1/2